000 00425nam a2200157 i 4500
001 92386
003 ES-MaACL
005 20230906180947.0
007 t|
008 050307s1934 ag ||||1| spa d
100 1 _aLillo Catalán, V.
_972295
245 1 3 _aLa canción del emigrante
_b: poesia /
_cV Lillo Catalán.
260 _aBuenos aires :
_bRadeba,
_c1934.
300 _a75 p. ;
_c24 cm.
852 _aES-MaACL
_j1796-F-3
999 _c92386
_d92386